LEADER 01536nam a2200361 u 4500 001 000000013692 003 CaOOAMICUS 005 20070226105659.0 008 940517s1989 it u000 u ita u 020 $a881640244X 035 $a10325679 040 $aPUL(R)$bita$dPUL 041 1 $aita$hfre 100 1 $aRicoeur, Paul,$d1913-2005.$0(OLS)http://pul/name/31003 240 10$aDu texte à l'action.$lItaliano.$0(OLS)http://pul/title/19735 245 10$aDal testo all'azione :$bsaggi di ermeneutica /$cPaul Ricoeur. 260 $aMilano :$bJaca Book,$c1989. 300 $a394 p. ;$c23 cm 490 1 $aDi fronte e attraverso.$aFilosofia ;$v244 500 $aSul verso del front.: Trad. di Giuseppe Grampa. 504 $a"Fonti dei testi": p. 393-394. 650 4$aSemiotica.$0(OLS)http://pul/subject/9849 650 4$aErmeneutica.$0(OLS)http://pul/subject/438 830 0$aDi fronte e attraverso.$pFilosofia ;$v244.$0(OLS)http://pul/title/8614 850 $aPUL 852 $aPUL$W1$xDP1 Fondo Bordoni$y120$m3 A 53$j115700$qFondi$B172585$CPULBib$Z2$F172585 $HBor127 $81 852 $aPUL$W1$xSL Filosofia 2$y80$mPhil A25 244$j19266$nBK-PRI$b $qStampati altre collocazioni$B19266$CPULBib$Z2$F19266 $81 941 1 $a1 941 1 $a10 961 $aINV: 82089 996 $6020$a881640244X$9(OLS)http://pul/number/17472 996 $6245$aDal testo all'azione :$bsaggi di ermeneutica$9(OLS)http://pul/title/19736 996 $6260$aMilano :$bJaca Book$9(OLS)http://pul/publisher/47900 LEADER 01411nam a2200325 a 4500 001 000000173309 003 CaOOAMICUS 005 20200224111620.0 008 200224s2020 it u000 u ita r 020 $a978-88-399-3422-2* 032 $aLibriCat 040 $aPUL$bita 041 1 $aita$hger 100 1 $aMenke, Karl-Heinz.$0(OLS)http://pul/name/12802 240 10$a Macht die Wahrheit frei oder die Freiheit wahr? : Eine Streitschrift. $lItaliano.$0(OLS)http://pul/title/214445 245 13$aLa verità rende liberi o la libertà rende veri? : $buno scritto polemico / $cKarl-Heinz Menke. 260 $aBrescia :$bQueriniana,$cc2020. 300 $a236 p. ;$c20 cm 490 1 $aGiornale di teologia ;$v422 500 $aTraduzione dal tedesco e dal tedesco di Gianni Poletti 700 1 $aPoletti, Gianni.$0(OLS)http://pul/name/26261 830 0$aGiornale di teologia ;$v422.$0(OLS)http://pul/title/9027 850 $aPUL 852 $aPUL$W1$xSL Religione 3$y85$m200 GDT 1.422$j197290$qDDC 21$B202075$CPULBib$Z2$F202075 $H134088 $82 941 1 $a9 983 0$aGdT. 996 $6020$a978-88-399-3422-2*$9(OLS)http://pul/number/167303 996 $6245$aLa verità rende liberi o la libertà rende veri? : $buno scritto polemico / $9(OLS)http://pul/title/214446 996 $6260$aBrescia :$bQueriniana$9(OLS)http://pul/publisher/47906